Analysis and evaluation of the clutch cushion springs
Salvato in:
| Autore principale: | |
|---|---|
| Altri autori: | |
| Natura: | Manoscritto Libro |
| Lingua: | slovacco inglese |
| Pubblicazione: |
2015
|
| Soggetti: | |
| Accesso online: | http://is.stuba.sk/zp/portal_zp.pl?podrobnosti=112814 |
| Tags: |
Nessun Tag, puoi essere il primo ad aggiungerne!!
|
MARC
| LEADER | 00000ntm a22000003a 4500 | ||
|---|---|---|---|
| 001 | stuzp52423 | ||
| 003 | SK-STU | ||
| 005 | 20160719154151.5 | ||
| 007 | ta | ||
| 008 | 150427s2015----xo-----f-mn---000-0-slo-d | ||
| 040 | |a STU |b slo | ||
| 041 | 0 | |a eng | |
| 100 | 1 | |a Káčer, Norbert |u 020030 |4 aut |U SjF Strojnícka fakulta |T SjF Ústav dopravnej techniky a konštruovania |X 43866 |U J0030 |Y 806 |7 A000043866 | |
| 242 | 0 | 1 | |a Analýza a vyhodnotenie segmentov v trecej suchej spojke |y slo |
| 245 | 1 | 0 | |a Analysis and evaluation of the clutch cushion springs |
| 260 | |c 2015 | ||
| 650 | 4 | |a segment |2 slo | |
| 650 | 4 | |a MKP analýza |2 slo | |
| 650 | 4 | |a vývoj |2 slo | |
| 650 | 4 | |a development |2 eng | |
| 650 | 4 | |a cushion spring |2 eng | |
| 650 | 4 | |a FEM analysis |2 eng | |
| 700 | 1 | |a Danko, Ján |4 ths |X 3691 |7 A000003691 | |
| 856 | 4 | |u http://is.stuba.sk/zp/portal_zp.pl?podrobnosti=112814 | |
| 996 | |b 284J044161 |c J* 2451/DP |l JJSK |s A |a 24 |w stuzp52423_0001 | ||
| SQL | |a stuzp52423 |b DDP |c ENG |d Analysis and evaluation of the clutch cushion springs |e 43866 |f Káčer, Norbert |g 020030 |h 3691 |i Danko, Ján |j 20150618 |k 52 |l 02 |m http://is.stuba.sk/zp/portal_zp.pl?podrobnosti=112814 |n I-ALSM |o 5.2.4. motorové vozidlá, koľajové vozidlá, lode a lietadlá | ||